| 000 | 00468nam a22001457a 4500 | ||
|---|---|---|---|
| 020 | _a9061916399 | ||
| 082 |
_a631.2 _bWIJ/AG |
||
| 245 | _aAgricultural Water Management | ||
| 260 |
_aBoston _bCommission of the European Communities - A.A.Balkema _c1986 |
||
| 300 | _a325 | ||
| 490 | _aProceedings of a Symposium on Agricultural Water Management Arnhem/ Netherlands /18 - 21 June 1985 | ||
| 700 |
_aWijk, Van A.L.M. _91055 |
||
| 700 |
_aWesseling,J. _9771 |
||
| 942 | _cBK | ||
| 999 |
_c14463 _d14463 |
||